000 00459nam a2200181Ia 4500
001 20730
005 20260306172827.0
008 260306t2015||||xx |||||||||||||| ||spa||
041 _aESP
082 _a343.7
_bR78
100 _aRojas Rodríguez, Héctor Fidel
_eAUT
245 0 _aFundamentos del derecho administrativo sancionador
260 _c2015
300 _a254 páginas :
_c24 cm.
650 _aGEN
654 _aCDE
942 _cLIB
_dJUS
_fJUS
_2ddc
_n
999 _c20730
_d20730